Statistics for Name the country #5

Click here to take the quiz!

General Stats

  • This quiz has been taken 18 times
  • The average score is 5 of 5

Answer Stats

HintAnswer% Correct
Country with capital of AmsterdamNetherlands
100%
In this big country's language, Ni-Hao means HiChina
94%
Country with capital of DjiboutiDjibouti
94%
Only -stan country which doesn't have its language in its namePakistan
88%
Country where French fries came fromBelgium
76%

Score Distribution

Percentile by Number Answered

Percent of People with Each Score

Your Score History

You have not taken this quiz